00443nam a2200109Ia 4500008004100000050002800041100002600069245009700095260008600192300002800278521002700306140724s9999 xx 000 0 und d aQA 76.9.S88b.R886 2013 aRoxas, Arveen Anne D. aHuman resource information system of Riscor Engineering Consultancy /cArveen Anne D. Roxas. aLas Piñas, Philippines :bSouthville International School and Colleges,cc2013. a84 p. :bill. ;c28 cm. aInformation Technology